เปลี่ยนเป็นภาษาไทย

Change to English
 แสดงรายละเอียดบรรณานุกรม
  กลับหน้าหลัก

Brief Record : Get Marc (ISO 2709) : E-mail record : QR code < ปิดหน้าต่าง
mysqli: Table './ulib62015/stat_globaluid' is marked as crashed and should be repaired
select id from stat_globaluid where statuid='20260517205419_3267' 
mysqli: Table './ulib62015/stat_globaluid' is marked as crashed and should be repaired
DELETE FROM stat_globaluid
			WHERE id NOT IN (
			  SELECT id
			  FROM (
				SELECT id
				FROM stat_globaluid
				ORDER BY id DESC
				LIMIT 100
			  ) foo
			); 
mysqli: Table './ulib62015/stat_globaluid' is marked as crashed and should be repaired
insert into stat_globaluid set
		statuid='20260517205419_3267',
		dt='1779026059',
		phpself='/ULIB62015/dublinfull.php',
		agent='Mozilla/5.0 AppleWebKit/537.36 (KHTML, like Gecko; compatible; ClaudeBot/1.0; +claudebot@anthropic.com)',
		yea='2026',
		mon='5',
		dat='17',
		ip='216.73.216.45'
		
		
mysqli: Table './ulib62015/stathist_viewbib_bib_type' is marked as crashed and should be repaired
insert into stathist_viewbib_bib_type set 
		dat='17' ,
		 mon='05' ,
		  yea='2026' ,
			 statuid='20260517205419_3267' ,
			 head='13399120520' ,
			 foot='marc' ,
			 dt='1779026059' 
		
LEADER : 00000nam 2200000uu 4500
001    13399120520
003     ULIB
008    130202s||||||||th 000 0 tha d
020    ^a9786169074076
050  4 ^aPN4781^bภ214 2554
100 0  ^aภาคภูมิ หรรนภา
245 10 ^aการเขียนข่าวเบื้องต้น /^cภาคภูมิ หรรนภา
250    ^aพิมพ์ครั้งที่ 1
260    ^a[กรุงเทพฯ] :^bอินทะนิน,^c2554
300    ^a210 หน้า
650  7 ^aการสื่อข่าวและการเขียนข่าว
650  7 ^aข่าว
650  7 ^aสื่อมวลชน
945    ^p170^l0^i020321
945    ^p0^l0^i020322
945    ^p0^l0^i020323
945    ^p0^l0^i020324
945    ^p0^l0^i020325
999     ^aยมมะณา จันทร์ฉิม
รายการนี้ยังไม่มีแท็ก
คุณยังไม่ได้ล็อกอิน คุณสามารถมีกิจกรรมร่วมกับเว็บไซต์ได้ แต่ต้องล็อกอินก่อน ::
  ล็อกอิน
  One Stop Service : ศูนย์ให้บริการแบบเบ็ดเสร็จ   จัดการหนังสือโปรด   แจ้งรายการบรรณานุกรมผิดพลาด
ลำดับที่ ประเภท เลขเรียก/บาร์โค้ด สถานที่ สถานะ
1. หนังสือ
หนังสือ
PN4781 ภ214 2554 ฉ.1 
  Barcode: 020321
หนังสือทั่วไป บนชั้น
  ขอยืม
2. หนังสือ
หนังสือ
PN4781 ภ214 2554 ฉ.2 
  Barcode: 020322
หนังสือทั่วไป บนชั้น
  ขอยืม
3. หนังสือ
หนังสือ
PN4781 ภ214 2554 ฉ.3 
  Barcode: 020323
หนังสือทั่วไป บนชั้น
  ขอยืม
4. หนังสือ
หนังสือ
PN4781 ภ214 2554 ฉ.4 
  Barcode: 020324
หนังสือทั่วไป บนชั้น
  ขอยืม
5. หนังสือ
หนังสือ
PN4781 ภ214 2554 ฉ.5 
  Barcode: 020325
หนังสือทั่วไป บนชั้น
  ขอยืม

รายการใกล้เคียง
    หัวเรื่อง [การสื่อข่าวและการเขียนข่าว]
    หัวเรื่อง [ข่าว]
    หัวเรื่อง [สื่อมวลชน]

BibComment


ยังไม่เคยถูกคอมเมนท์

คอมเมนท์ทรัพยากรรายการนี้
  คอมเมนท์: การเขียนข่าวเบื้..
Bib 13399120520

 
 
 

 Union Library Management : ULibM
Copyright 2026. All Rights Reserved.